| 000 | 00574cam a2200169 a 4500 | ||
|---|---|---|---|
| 020 | _a0521392136 | ||
| 082 | 0 | 0 |
_a303.4825604 _bHUO _cD |
| 100 | 1 |
_aHourani, Albert, _937559 |
|
| 245 | 1 | 0 |
_aIslam in European thought / _cAlbert Hourani. |
| 260 |
_aCambridge ; _aNew York : _bCambridge University Press, _c1991. |
||
| 300 |
_axi, 199 p. ; _c22 cm. |
||
| 526 |
_a0 _b0 _c0 _d303_482560400000000_HUO |
||
| 650 |
_aMCE _9379 |
||
| 856 | 4 | 1 | _uhttp://www.loc.gov/catdir/toc/cam021/90037704.html |
| 856 | 4 | 2 | _uhttp://www.loc.gov/catdir/description/cam024/90037704.html |
| 942 |
_2ddc _cBK |
||
| 999 |
_c542407 _d542407 |
||